Ciudadanía y política social. Segunda parte: El contexto del mercado laboral /
Pretende abordar las transformaciones del mercado de trabajo y el desarrollo de los derechos laborales, en términos de ciudadanía social, en Centroamérica. Las transformaciones del mercado de trabajo se analiza en un primer apartado en donde se da una idea de las dinámicas de integración/exclusión g...
Uloženo v:
| Hlavní autor: | |
|---|---|
| Médium: | Neznámo |
| Vydáno: |
San José:
FLACSO. Programa Costa Rica
|
| Témata: | |
| Tagy: |
Přidat tag
Žádné tagy, Buďte první, kdo vytvoří štítek k tomuto záznamu!
|
MARC
| LEADER | 00000 a2200000 04500 | ||
|---|---|---|---|
| 001 | 11797 | ||
| 003 | |||
| 008 | 991231s d | ||
| 040 | |||
| 090 | |a 140804 | ||
| 100 | |a Roberts, Bryan | ||
| 245 | |a Ciudadanía y política social. Segunda parte: El contexto del mercado laboral / |c Bryan Roberts | ||
| 260 | |a San José: |b FLACSO. Programa Costa Rica | ||
| 300 | |a 382 p.; n. 3 | ||
| 520 | |a Pretende abordar las transformaciones del mercado de trabajo y el desarrollo de los derechos laborales, en términos de ciudadanía social, en Centroamérica. Las transformaciones del mercado de trabajo se analiza en un primer apartado en donde se da una idea de las dinámicas de integración/exclusión generadas por el empleo y en un segundo apartado, se intenta interpretar las respuestas a la exclusión y/o los intentos de consolidar la integración mediante la conquista de derechos laborales y concluye con un balance histórico observando sus consecuencias para el desarrollo de la ciudadanía social en la región. REV/LCL | ||
| 650 | |a MERCADO DE TRABAJO | ||
| 650 | |a EMPLEO | ||
| 650 | |a MANO DE OBRA | ||
| 650 | |a NACIONALES | ||
| 650 | |a LEGISLACION DEL TRABAJO | ||
| 650 | |a NIVEL DE VIDA | ||
| 650 | |a MERCADO DE TRABAJO | ||
| 650 | |a EMPLEO | ||
| 650 | |a LEGISLACION LABORAL | ||
| 999 | |c 5112 |d 5112 | ||
